A Muslim theologian's response to Christianity: Ibn-Taymiyya's al-Jawab al-sahih
| Main Author: | |
|---|---|
| Contributors: | |
| Format: | Print Book |
| Language: | English |
| Subito Delivery Service: | Order now. |
| Check availability: | HBZ Gateway |
| WorldCat: | WorldCat |
| Interlibrary Loan: | Interlibrary Loan for the Fachinformationsdienste (Specialized Information Services in Germany) |
| Published: |
Delmar, NY
Caravan Books
1984
|
| In: | Year: 1984 |
| Series/Journal: | Studies in Islamic philosophy and science
|
| Standardized Subjects / Keyword chains: | B
Islam
/ Christianity
|
| RelBib Classification: | BJ Islam NBC Doctrine of God |
| Further subjects: | B
Islam
B God |
MARC
| LEADER | 00000cam a2200000 c 4500 | ||
|---|---|---|---|
| 001 | 274399210 | ||
| 003 | DE-627 | ||
| 005 | 20240919084126.0 | ||
| 007 | tu | ||
| 008 | 990101s1984 xx ||||| 00| ||eng c | ||
| 020 | |a 0882060589 |9 0-88206-058-9 | ||
| 035 | |a (DE-627)274399210 | ||
| 035 | |a (DE-576)033395853 | ||
| 035 | |a (DE-599)GBV274399210 | ||
| 035 | |a (OCoLC)220328731 | ||
| 035 | |a (OCoLC)220328731 | ||
| 035 | |a (DE-604)800391805x | ||
| 040 | |a DE-627 |b ger |c DE-627 |e rakwb | ||
| 041 | |a eng | ||
| 084 | |a 1 |2 ssgn | ||
| 084 | |a 11.00 |2 bkl | ||
| 100 | 1 | |0 (DE-588)118708546 |0 (DE-627)283073012 |0 (DE-576)165356243 |4 aut |a Ibn-Taimīya, Aḥmad Ibn-ʿAbd-al-Ḥalīm |d 1263-1328 | |
| 109 | |a Aḥmad Ibn ʿAbdalḥalīm Ibn ʿAbdassalām Ibn Taymiyya, Abū l-ʿAbbās 1263-1328 |a Taqī ad-Dīn Aḥmad Ibn Taimīya 1263-1328 |a Ibn Taymiyya, Taḳī al-Dīn Aḥmad 1263-1328 |a Halīm, Taqī-al-Dīn A. 1263-1328 |a Ibn-Taimijja, Taki-ad-Din Ahmad 1263-1328 |a Taqī-ad-Dīn Aḥmad Ibn-ʿAbd-al-Ḥalīm Ibn-Taimīya al-Ḥarrānī ad-Dimašqī 1263-1328 |a Ibn Taymiyya, Aḥmad Ibn ʿAbd al-Ḥalīm 1263-1328 |a Ibn Taymiyya 1263-1328 |a Ibn Timiya Taqiuddīn Aḥmad Ibn ʿAbdulḥalīm 1263-1328 |a Ibn Taimīyah 1263-1328 |a ʹAbd-al-Halīm, Taqī-al-Dīn A. 1263-1328 |a İbn Teymiyye 1263-1328 |a Bin-ʹAbd-al-Halīm, Taqī-al-Dīn Ahmad 1263-1328 |a Taḳī-d-Dīn Aḥmad b. Taimīya 1263-1328 |a Bin-ʹAbd-al-Halīm, Taqī-al-Dīn A. 1263-1328 |a Al-Halīm, Taymiyyah A. 1263-1328 |a Aḥmad Ibn ʿAbd al-Halīm, Taḳī al-Dīn Ibn Taimīyah 1263-1328 |a Ibn-ʹAbd-al-Halīm, Taymiyyah Ahmad 1263-1328 |a Ibn-Taimīya, Taqī-ad-Dīn A.- 1263-1328 |a Ibn Taimijja, Taki Ad Din Ahmad 1263-1328 |a Ibn-ʿAbd-al-Ḥalīm, Aḥmad Ibn-Taimīya 1263-1328 |a Ibn-Taimīya, Aḥmad 1263-1328 |a Taqī-ad-Dīn Abu-'l-ʿAbbās Aḥmad Ibn-ʿAbd-al-Ḥalīm Ibn-ʿAbd-as-Salām Ibn-ʿAbdallāh Ibn-Abi-'l-Qāsim al-Ḫiḍr an-Numairī al-Ḥarrānī ad-Dimašqī al-Ḥanbalī Ibn-Taimīya 1263-1328 |a Aḥmad Ibn-ʿAbd-al-Ḥalīm Ibn-ʿAbd-as-Salām Ibn-ʿAbdallāh Ibn-Abi-'l-Qāsim al-Ḫiḍr an-Numairī al-Ḥarrānī ad-Dimašqī al-Ḥanbalī Ibn-Taimīya 1263-1328 |a Halīm, Taymiyyah A. 1263-1328 |a Abū ăl-ʿAbbās Taqī ad-Dīn Aḥmad Ibn ʿAbd al-Ḥalīm Ibn Taymiyya 1263-1328 |a ʹAbd-al-Halīm, Taymiyyah A. 1263-1328 |a Aḥmad Ibn-Taimīya 1263-1328 |a Aḥmad Ibn ʿAbd al-Ḥalīm Ibn Taimīya 1263-1328 |a Taqī-ad-Dīn Abu-'l-ʿAbbās Aḥmad Ibn-ʿAbd-al-Ḥalīm Ibn-ʿAbd-as-Salām Ibn-ʿAbdallāh Ibn-Muḥammad Ibn-Taimīya al-Ḥarrānī al-Ḥanbalī 1263-1328 |a Ibn-ʹAbd-al-Halīm, Taymiyyah A. 1263-1328 |a Taḳī al-Dīn Aḥmad Ibn Taymiyya 1263-1328 |a Ibn-Taimīya, Taqī-ad-Dīn Aḥmad Ibn-ʿAbd-al-Ḥalīm Ibn-ʿAbdallāh 1263-1328 |a Ibn-Taimīya, Taqī-ad-Dīn Abu-'l-ʿAbbās Aḥmad Ibn-ʿAbd-al-Ḥalīm Ibn-ʿAbd-as-Salām Ibn-ʿAbdallāh Ibn-Muḥammad 1263-1328 |a Ibn-Taimīya, Aḥmad Ibn-ʿAbd-al-Ḥalīm 1263-1328 |a Ibn Taimīya, Taqī ad-Dīn Aḥmad 1263-1328 |a Ibn-Taimīya, Abu- I.- 1263-1328 |a Ibn Taymiyyah 1263-1328 |a Abu-'l-ʿAbbās Taqī-ad-Dīn Aḥmad Ibn-ʿAbd-al-Halīm Ibn-Taimīya al-Ḥarrānī ad-Dimašqī 1263-1328 |a Al-Halīm, Taqī-al-Dīn A. 1263-1328 |a Taqī-ad-Dīn Ibn-Taimīya 1263-1328 |a Ibn Taimīya, Aḥmad Ibn ʿAbd al-Ḥalīm 1263-1328 |a Ibn-Taimīya, Taqi-'d-Dīn 1263-1328 |a Sheikh ul-Islam Ibn Taymiyyah 1263-1328 |a Aḥmad Ibn-ʿAbd-al-Ḥalīm Ibn-Taimīya 1263-1328 |a Aḥmad Ibn-ʿAbd-al-Ḥalīm Ibn-ʿAbd-as-Salām Ibn-ʿAbdallāh Ibn-Muḥammad Ibn-Taimīya al-Ḥarrānī al-Ḥanbalī 1263-1328 |a Taqī-ad-Dīn Abu-'l-ʿAbbās Aḥmad Ibn-ʿAbd-al-Ḥalīm Ibn-ʿAbd-as-Salām Ibn-ʿAbdallāh Ibn-al-Ḫiḍr Ibn-Muḥammad Ibn-al-Ḫiḍr Ibn-ʿAlī Ibn-ʿAbdallāh Ibn-Taimīya al-Ḥarrānī ad-Dimašqī al-Ḥanbalī 1263-1328 |a Aḥmad Ibn-ʿAbd-al-Ḥalīm Ibn-ʿAbd-as-Salām Ibn-ʿAbdallāh Ibn-al-Ḫiḍr Ibn-Muḥammad Ibn-al-Ḫiḍr Ibn-ʿAlī Ibn-ʿAbdallāh Ibn-Taimīya al-Ḥarrānī ad-Dimašqī al-Ḥanbalī 1263-1328 |a Ibn-Taymiyyah, Taqī-ad-Dīn Ahmad 1263-1328 |a Ibn-Taimīya, Aḥmad Ibn-ʿAbd-al-Ḥalīm Ibn-ʿAbd-as-Salām Ibn-ʿAbdallāh Ibn-Abi-'l-Qāsim al-Ḫiḍr an-Numairī al-Ḥarrānī ad-Dimašqī al-Ḥanbalī 1263-1328 |a Ibn-Taimīya, Abi-'l-ʿAbbās Taqi-'d-Dīn Aḥmad Ibn-ʿAbd-al-Ḥalīm 1263-1328 |a Ibn-Taimīya, Taqī-ad-Dīn 1263-1328 |a Ibn-Taimīya al-Ḥarrānī, Taqī-ad-Dīn Abi-'l-ʿAbbās Aḥmad Ibn-ʿAbd-al-Ḥalīm Ibn-ʿAbd-as-Salām 1263-1328 |a Ibn-Taimīya, Taqi'd-Dīn 1263-1328 |a Ibn-Taimīya, Abu-ʾl-ʿAbbās Aḥmad Ibn-ʿAbd-al-Ḥalīm 1263-1328 |a Ibn-Taimīya, Abū-'l-ʿAbbās Taqī-ad-Dīn Aḥmad Ibn-ʿAbd-al-Ḥalīm 1263-1328 |a Ibn-Taimīya, Abu-'l-ʿAbbās Aḥmad Ibn-ʿAbd-al-Ḥalīm Ibn-ʿAbd-as-Salām Ibn-ʿAbdallāh Ibn-Muḥammad 1263-1328 |a Ibn-Taymiyya, Taqī-ad-Din Ahmad 1263-1328 |a Ibn-Taymiyyah, Taqiyyud-Dīn Abul-ʿAbbas Aḥmad Ibn-ʿAbd-al-Ḥalīm Ibn-ʿAbd-as-Salām Ibn-ʿAbdallāh ad-Dimašqī al-Ḥanbalī 1263-1328 |a Ibn-Taimīya, Taqī-ad-Dīn Abu-'l-ʿAbbās Aḥmad Ibn-ʿAbd-al-Ḥalīm Ibn-ʿAbd-as-Salām Ibn-ʿAbdallāh Ibn-Abi-'l-Qāsim al-Ḫiḍr an-Numairī al-Ḥarrānī ad-Dimašqī al-Ḥanbalī Ibn-Taimīya 1263-1328 |a Aḥmad Ibn-ʿAbd-al-Ḥalīm Ibn-Taimīya, Taqī-ad-Dīn Abu-'l-ʿAbbās 1263-1328 |a Ibn-Taimīya, Taqī-ad-Dīn Abū-'l-ʿAbbās Aḥmad Ibn-ʿAbd-al-Ḥalīm 1263-1328 |a Ibn-Taimīya, Taqīyud-Dīn 1263-1328 |a Taqī ad-dīn Ibn Taymiyya 1263-1328 |a Taqī ăd-Dīn Aḥmad Ibn ʿAbd al-Ḥalīm, Abū ăl-ʿAbbās 1263-1328 |a Taqī ad-Dīn Aḥmad Ibn Taymiyya 1263-1328 |a Taqī ad-Dīn Abū ăl-ʿAbbās Aḥmad Ibn Taymiyya 1263-1328 |a Taqī ad-Dīn Abū ăl-ʿAbbās Aḥmad Ibn ʿAbd al-Ḥalīm Ibn ʿAbd as-Salām al-Ḥarrānī ad-Dimašqī 1263-1328 |a Ibn Taymiyah, Ahmad ibn `Abd al-Halim 1263-1328 |a Aḥmad Ibn Taymiyya 1263-1328 |a Ibn-Taimīya 1263-1328 |a İbni Teymiyye 1263-1328 |a Aḥmad Ibn ʿAbd al-Ḥalīm Ibn ʿAbd as-Salām Ibn Taymiyya al-Ḥarrānī 1263-1328 |a Ibnu Taimiyah 1263-1328 |a Taqī ăd-Dīn Aḥmad Ibn ʿAbd al-Ḥalīm Ibn Taymiyya al-Ḥarrānī ad-Dimašqī 1263-1328 |a Ibn-Taymiya 1263-1328 | ||
| 240 | 1 | 0 | |a al-Ǧawāb aṣ-ṣaḥīḥ li-man baddala dīn al-masīḥ <engl.> |
| 245 | 1 | 2 | |a A Muslim theologian's response to Christianity |b Ibn-Taymiyya's al-Jawab al-sahih |c ed. and transl. by Thomas F. Michel |
| 264 | 1 | |a Delmar, NY |b Caravan Books |c 1984 | |
| 300 | |a IX, 465 S | ||
| 336 | |a Text |b txt |2 rdacontent | ||
| 337 | |a ohne Hilfsmittel zu benutzen |b n |2 rdamedia | ||
| 338 | |a Band |b nc |2 rdacarrier | ||
| 490 | 0 | |a Studies in Islamic philosophy and science | |
| 583 | 1 | |a Archivierung prüfen |c 20231104 |f DE-640 |z 1 |2 pdager | |
| 583 | 1 | |a Archivierung prüfen |c 20240324 |f DE-4165 |z 1 |2 pdager | |
| 650 | 0 | 7 | |0 (DE-588)4027743-4 |0 (DE-627)106283499 |0 (DE-576)20897220X |a Islam |2 gnd |
| 650 | 0 | 7 | |0 (DE-588)4123306-2 |0 (DE-627)105756121 |0 (DE-576)209558628 |a Gotteslehre |2 gnd |
| 652 | |a BJ:NBC | ||
| 689 | 0 | 0 | |d s |0 (DE-588)4027743-4 |0 (DE-627)106283499 |0 (DE-576)20897220X |2 gnd |a Islam |
| 689 | 0 | 1 | |d s |0 (DE-588)4010074-1 |0 (DE-627)104493933 |0 (DE-576)20888579X |2 gnd |a Christentum |
| 689 | 0 | |5 (DE-627) | |
| 700 | 1 | |e Hrsg. |0 (DE-588)134161017 |0 (DE-627)562107878 |0 (DE-576)300349505 |4 edt |a Michel, Thomas F. |d 1941- | |
| 700 | 1 | 2 | |a Ibn-Taimīya, Aḥmad Ibn-ʿAbd-al-Ḥalīm |d 1263-1328 |t al-Ǧawāb aṣ-ṣaḥīḥ li-man baddala dīn al-masīḥ <engl.> |
| 700 | 1 | 2 | |a Ibn-Taimīya, Aḥmad Ibn-ʿAbd-al-Ḥalīm |d 1263-1328 |t Al- Ǧawāb aṣ-ṣaḥīḥ li-man baddala dīn al-Masīḥ <engl.> |
| 935 | |i Blocktest | ||
| 936 | b | k | |a 11.00 |j Theologie |j Religionswissenschaft: Allgemeines |q coli-conc NSK->BK |q https://coli-conc.gbv.de/api/mappings/f84af606-91a3-411d-b6bd-06d818fa3caf |0 (DE-627)106415271 |
| 951 | |a BO | ||
| ELC | |b 1 | ||
| LOK | |0 000 xxxxxcx a22 zn 4500 | ||
| LOK | |0 001 3179655992 | ||
| LOK | |0 003 DE-627 | ||
| LOK | |0 004 274399210 | ||
| LOK | |0 005 20190311234351 | ||
| LOK | |0 008 190311||||||||||||||||ger||||||| | ||
| LOK | |0 035 |a (DE-Tue135-1)65907 | ||
| LOK | |0 040 |a DE-Tue135-1 |c DE-627 |d DE-Tue135-1 | ||
| LOK | |0 852 |a DE-Tue135-1 | ||
| LOK | |0 852 1 |c FTH031602 |m p |9 00 | ||
| LOK | |0 852 2 |b R10 |9 00 | ||
| LOK | |0 935 |a iMON | ||
| LOK | |0 936ln |0 1442043539 |a BJ | ||
| LOK | |0 936ln |0 1442051507 |a NBC | ||
| LOK | |0 938 |k p | ||
| LOK | |0 938 |l Islam; Christentum |8 0 | ||
| LOK | |0 938 |l Dogmatik |8 0 | ||
| LOK | |0 939 |a 11-03-19 |b l12 | ||
| ORI | |a SA-MARC-ixtheoa001.raw | ||
| REL | |a 1 | ||
| STA | 0 | 0 | |a Christianity,Christian world view,World view,Christian ideology,God,God,Islam,Islam |
| STB | 0 | 0 | |a Christianisme,Christianisme,Doctrine de Dieu,Islam,Islam |
| STC | 0 | 0 | |a Cristianismo,Cristianismo,Cristiandad,Cristiandad,Cristiandad (Motivo),Cristiandad,Doctrina de Dios,Islam,Islam |
| STD | 0 | 0 | |a Cristianesimo,Cristianesimo,Dottrina su Dio,Islam,Islam |
| STE | 0 | 0 | |a 伊斯兰教,伊斯兰教,回教,回教,基督教,基督教,基督教世界观,神论,神的教义,上帝论 |
| STF | 0 | 0 | |a 伊斯蘭教,伊斯蘭教,回教,回教,基督教,基督教,基督教世界觀,神論,神的教義,上帝論 |
| STG | 0 | 0 | |a Cristianismo,Cristianismo,Cristandade,Cristandade,Cristandade (Motivo),Cristandade,Doutrina sobre Deus,Islã,Islã |
| STH | 0 | 0 | |a Ислам (мотив),Ислам,Учение о Боге,Христианство (мотив),Христианство |
| STI | 0 | 0 | |a Δόγμα του Θεού,Ισλάμ (μοτίβο),Ισλάμ,Χριστιανισμός (μοτίβο),Χριστιανισμός |
| SUB | |a REL | ||
| SYE | 0 | 0 | |a Islam , Gottesverständnis |
| SYG | 0 | 0 | |a Islam , Christianity,Christliche Mission,Missionierung,Christenheit,Christianitas,Christliche Religion,Christliche Weltanschauung |



